000 00434cam a2200181ua 4500
020 _c3.00
041 _ahin
_h
082 _a891.54
_bKRI/PA
100 _aKrishna, Chandra .
245 _aPani ka ped /
_cKrishna Chandra.
_hTextual Documents
250 _a2 /
_b.
260 _aNew Delhi :
_bNational Publishing House ,
_c1961.
300 _a150 ; .
365 _a3.00
504 _a
942 _cBK
999 _c6406
_d6406